[Event "IRI-chT 14th"]
[Site "Tehran"]
[Date "2015.09.16"]
[Round "5.1"]
[White "Momenzadeh, Mehdi"]
[Black "Grabliauskas, Virginijus"]
[Result "0-1"]
[WhiteElo "1899"]
[BlackElo "2332"]
[PlyCount "78"]
[EventDate "2015.07.17"]
[EventType "team-tourn"]
[EventRounds "13"]
[EventCountry "IRI"]
[SourceTitle "EXT 2016"]
[Source "ChessBase"]
[SourceDate "2015.10.08"]
[SourceVersion "1"]
[SourceVersionDate "2015.10.08"]
[SourceQuality "1"]
[WhiteTeam "Bashgah Paeiz Ahvaz"]
[BlackTeam "Lorestan Rah & Shahrsazi"]
[WhiteTeamCountry "IRI"]
[BlackTeamCountry "IRI"]

1. e4 c5 2. Nf3 e6 3. c3 Nf6 4. e5 Nd5 5. d4 cxd4 6. cxd4 d6 7. a3 Bd7 8. Nc3 Bc6 9. Bd3 Nxc3 10. bxc3 Nd7 11. exd6 Bxd6 12. 0-0 0-0 13. c4 Bxf3 14. Qxf3 Qh4 15. g3 Qxd4 16. Bf4 Bxf4 17. Rad1 Qf6 18. gxf4 Rad8 19. Bc2 b6 20. Qb7 Nc5 21. Qxa7 Rxd1 22. Rxd1 Qxf4 23. Qxb6 Qg4+ 24. Kh1 Qxc4 25. Qb1 g6 26. Qc1 Ne4 27. Bxe4 Qxe4+ 28. Kg1 Qg4+ 29. Kf1 Qh3+ 30. Kg1 Ra8 31. Qg5 Qxa3 32. Rd8+ Rxd8 33. Qxd8+ Qf8 34. Qd7 Qb4 35. Qc7 Qg4+ 36. Kf1 Qe4 37. Kg1 h5 38. Qc5 Qg4+ 39. Kh1 Qd1+ 0-1